[Event "Moscow Time of the First U11 Girls"]
[Site "Moscow"]
[Date "2019.06.17"]
[Round "1"]
[White "Voronaya, Eva"]
[Black "Loviagina, Dariana"]
[Result "0-1"]
[WhiteElo "1005"]
[BlackElo "1297"]
[PlyCount "40"]
[EventDate "2019.06.17"]
[EventType "swiss"]
[EventRounds "9"]
[EventCountry "RUS"]
[SourceTitle "EXT 2021"]
[Source "ChessBase"]
[SourceDate "2020.10.23"]
[SourceVersion "1"]
[SourceVersionDate "2020.10.23"]
[SourceQuality "1"]

1. d4 d5 2. c4 e6 3. Nf3 Nf6 4. g3 c6 5. Qc2 Nbd7 6. Bg2 Bd6 7. 0-0 0-0 8. Nbd2 Re8 9. e4 dxe4 10. Nxe4 Nxe4 11. Qxe4 e5 12. Re1 Nf6 13. Qc2 exd4 14. Rxe8+ Qxe8 15. Nxd4 Qe1+ 16. Bf1 Bh3 17. Qd3 Bc5 18. Nf3 Qxf2+ 19. Kh1 Bxf1 20. Qd2 Bg2# 0-1